Logo BPK

Biblioteka

Politechniki Koszalińskiej

Rapid Review of English Grammar : (Rekord nr 47802)

Szczegóły MARC
000 -ETYKIETA REKORDU
podpole kontrolne o stałej długości 00651nam a2200205 i 4500
001 - NUMER KONTROLNY REKORDU
pole kontrolne bgj
020 ## - MIĘDZYNARODOWY ZNORMALIZOWANY NUMER KSIĄŻKI - ISBN
ISBN 0137531451
040 ## - ŹRÓDŁO KATALOGOWANIA
Instytucja, która utworzyła rekord BPK
041 0# - KOD JĘZYKA
Kod języka tekstu eng
920 ## - Międzynarodowy znormalizowany numer książki – ISBN
ISBN 0-13-753145-1
008 - POLE O STAŁEJ DŁUGOŚCI - DANE KONTROLNE
podpole kontrolne o stałej długości s uk f |000 0 eng
100 1# - NAZWA OSOBOWA
Nazwa osobowa PRANINSKAS, Jean
245 10 - TYTUŁ/ODPOWIEDZIALNOŚĆ
Tytuł Rapid Review of English Grammar :
Ciąg dalszy tytułu a text for students of English as a second language /
Pozostałe elementy strefy tytułu i oznaczenia odpowiedzialności Jean Praninskas.
250 ## - STREFA WYDANIA
Oznaczenie wydania 2nd edition.
260 ## - STREFA ADRESU WYDAWNICZEGO
Miejsce wydania Englewood Cliffs, NJ :
Nazwa wydawcy/dystrybutora Prentice Hall Regents,
Data publikacji, dystrybucji/powstania dokumentu c. 1975.
300 ## - STREFA OPISU FIZYCZNEGO
Objętość VIII, 370 pp :
Inne cechy fizyczne ill., fig. ;
Rozmiary 24 cm.
505 ## - SFORMALIZOWANA UWAGA DOTYCZĄCA ZAWARTOŚCI
Pełny tekst uwagi Includes index.
650 #9 - HASŁO PRZEDMIOTOWE W FORMIE NAZWY OGÓLNEJ LUB JEDNOSTKOWEJ
Nazwa ogólna lub geograficzna English language
Określnik ogólny Grammar
-- Textbooks for foreigners
856 ## - LOKALIZACJA I DOSTĘP DO ELEKTRONICZNYCH DOKUMENTÓW ZDALNYCH
Link (URL) http://koha.tu.koszalin.pl/cgi-bin/koha/opac-detail.pl?biblionumber=47802
Tekst linku Katalog online BPK
942 ## - DODATKOWE ELEMENTY (KOHA)
Typ dokumentu Książka
Egzemplarze
Wycofany Status egzemplarza Uszkodzony Dostępność Lokalizacja stała Lokalizacja bieżąca Miejsce przechowywania Sygnatura Kod kreskowy Typ dokumentu
      Tylko na miejscu Biblioteka Politechniki Koszalińskiej Biblioteka Politechniki Koszalińskiej Czytelnia Wydziałowa ul. Kwiatkowskiego 6e KA 4498 09004375 Książka
© 2023 Biblioteka Politechniki Koszalińskiej :: KOHA